000 00921nam a22002897a 4500
001 BR9402543
003 BR-BrBNA
005 20230928094014.0
007 ta
008 230509b bl.||||| |||| 00| 0 por d
040 _aBR-BrBNA
_bpor
_cBiblioteca Nacional de Agricultura
041 _a(Por)
072 _aF63
_b1050
_b1030
090 _ 1050 BR9402543
100 1 _aOliveira, R.P. de
110 1 _aCentro de Energia Nuclear na Agricultura, Piracicaba, SP (Brasil)
_0Tese (Mestre em Ciencias)
245 1 _aCultura de calos, celulas em suspensao em protoplastos de porta-enxertos de citros
260 3 _aPiracicaba, SP (Brasil):
_c1993.
300 _a117 p.
500 _a8 illus.; 8 tables; Bibliography p. 94-117 (164 ref.); Summaries (Eng, Por)
650 _aTangerina
650 _aLimao Cravo
650 _aPorta Enxerto
650 _aEnxerto
909 _a202309
_bLucia
_c55
_dLucia Elande
942 _cBK
999 _c48383
_d48383